000 00768nam a22001817a 4500
999 _c62640
_d62640
003 Ge_BSU
005 20241225160503.0
008 241225s1976 ge ||||| |||| 00| 0 geo d
041 _ageo
080 _a618.1(075.8) გ-47
100 _aგიგინეიშვილი, მ.
_91621
245 _aგინეკოლოგია :
_b [სახელმძღვ. სამედიცინო ინ-ტის სტუდენტებისათვის] /
_cმ. გიგინეიშვილი.
264 _aთბილისი :
_bგანათლება,
_c1976.
300 _a371 გვ. :
_b ილ. ;
_c26 სმ.
653 _aგინეკოლოგია
653 _aმედიცინა
942 _2udc
_cᲬᲘᲒᲜᲘ